<?xml version="1.0" encoding="UTF-8"?>
<record
    xmlns:xsi="http://www.w3.org/2001/XMLSchema-instance"
    xsi:schemaLocation="http://www.loc.gov/MARC21/slim http://www.loc.gov/standards/marcxml/schema/MARC21slim.xsd"
    xmlns="http://www.loc.gov/MARC21/slim">

  <leader>00451nam a22001817a 4500</leader>
  <controlfield tag="003">OSt</controlfield>
  <controlfield tag="005">20260425131419.0</controlfield>
  <controlfield tag="008">250426b        |||||||| |||| 00| 0 eng d</controlfield>
  <datafield tag="020" ind1=" " ind2=" ">
    <subfield code="a">9789393480026</subfield>
  </datafield>
  <datafield tag="082" ind1=" " ind2=" ">
    <subfield code="a">619.107 SIP</subfield>
  </datafield>
  <datafield tag="100" ind1=" " ind2=" ">
    <subfield code="a">Siddiqui, Anees Ahmad</subfield>
  </datafield>
  <datafield tag="245" ind1=" " ind2=" ">
    <subfield code="a">Pharmacy kit for Exit Examination</subfield>
  </datafield>
  <datafield tag="260" ind1=" " ind2=" ">
    <subfield code="a">Delhi</subfield>
    <subfield code="b">Birla Pub.</subfield>
    <subfield code="c">2026</subfield>
  </datafield>
  <datafield tag="300" ind1=" " ind2=" ">
    <subfield code="a">xxiv,1108</subfield>
  </datafield>
  <datafield tag="650" ind1=" " ind2=" ">
    <subfield code="a">General Books</subfield>
  </datafield>
  <datafield tag="700" ind1=" " ind2=" ">
    <subfield code="a">Siddiqui, Seema</subfield>
  </datafield>
  <datafield tag="942" ind1=" " ind2=" ">
    <subfield code="2">ddc</subfield>
    <subfield code="c">BK</subfield>
  </datafield>
  <datafield tag="999" ind1=" " ind2=" ">
    <subfield code="c">13456</subfield>
    <subfield code="d">13456</subfield>
  </datafield>
  <datafield tag="952" ind1=" " ind2=" ">
    <subfield code="0">0</subfield>
    <subfield code="1">0</subfield>
    <subfield code="2">ddc</subfield>
    <subfield code="4">0</subfield>
    <subfield code="7">0</subfield>
    <subfield code="8">DP</subfield>
    <subfield code="a">PIET</subfield>
    <subfield code="b">PIET</subfield>
    <subfield code="d">2025-04-15</subfield>
    <subfield code="e">Zafaa Books Distributres</subfield>
    <subfield code="f">Rs</subfield>
    <subfield code="g">890.00</subfield>
    <subfield code="k">ZBD0027</subfield>
    <subfield code="l">0</subfield>
    <subfield code="o">619.107 SIP</subfield>
    <subfield code="p">DP1428</subfield>
    <subfield code="r">2025-04-26 00:00:00</subfield>
    <subfield code="v">623.00</subfield>
    <subfield code="w">2025-04-11</subfield>
    <subfield code="y">REF</subfield>
  </datafield>
  <datafield tag="952" ind1=" " ind2=" ">
    <subfield code="0">0</subfield>
    <subfield code="1">0</subfield>
    <subfield code="2">ddc</subfield>
    <subfield code="4">0</subfield>
    <subfield code="7">0</subfield>
    <subfield code="8">DP</subfield>
    <subfield code="a">PIET</subfield>
    <subfield code="b">PIET</subfield>
    <subfield code="d">2025-04-15</subfield>
    <subfield code="e">Zafaa Books Distributres</subfield>
    <subfield code="f">Rs</subfield>
    <subfield code="g">890.00</subfield>
    <subfield code="k">ZBD0027</subfield>
    <subfield code="l">1</subfield>
    <subfield code="o">619.107 SIP</subfield>
    <subfield code="p">DP1429</subfield>
    <subfield code="q">2026-02-23</subfield>
    <subfield code="r">2025-08-05 00:00:00</subfield>
    <subfield code="s">2025-08-05</subfield>
    <subfield code="v">623.00</subfield>
    <subfield code="w">2025-04-11</subfield>
    <subfield code="y">BK</subfield>
  </datafield>
</record>
